[Event "Bytom Black Horse School Cup"]
[Site "Bytom"]
[Date "2023.01.28"]
[Round "5"]
[White "Zurek, Jacek"]
[Black "Zgadzaj, Rafal"]
[Result "0-1"]
[WhiteElo "1718"]
[BlackElo "1975"]
[PlyCount "98"]
[EventDate "2023.01.28"]
[EventType "swiss (rapid)"]
[EventRounds "9"]
[EventCountry "POL"]
[SourceTitle "CBM 213 Extra"]
[Source "ChessBase"]
[SourceDate "2023.05.31"]
[SourceVersion "1"]
[SourceVersionDate "2023.05.31"]
[SourceQuality "1"]

1. c4 Nf6 2. Nc3 e6 3. e4 Bb4 4. e5 Ng8 5. Qg4 g6 6. d4 h5 7. Qg5 Be7 8. Qg3 Nh6 9. Bxh6 Rxh6 10. Qe3 Rh8 11. Bd3 Kf8 12. f4 b6 13. Be4 c6 14. Nf3 d5 15. exd6 Qxd6 16. 0-0 Ba6 17. Ne5 Kg7 18. Rad1 Bb7 19. Qg3 Rh6 20. Qf3 Bf6 21. Ne2 a5 22. a3 a4 23. Kh1 Nd7 24. g4 hxg4 25. Nxg4 Rh5 26. Ne5 Rah8 27. Rf2 Rh3 28. Qg4 R8h4 29. Qg1 Rh6 30. c5 Qc7 31. cxb6 Nxb6 32. Rg2 c5 33. d5 Bxd5 34. Rxd5 exd5 35. Bxg6 Rxh2+ 36. Rxh2 Rxh2+ 37. Kxh2 Bxe5 38. Bc2+ Kf8 39. fxe5 Qxe5+ 40. Ng3 d4 41. Qf2 Nd5 42. Bg6 Nf4 43. Bc2 d3 44. Qd2 dxc2 45. Qxc2 Nh5 46. Qd3 Qxg3+ 47. Qxg3 Nxg3 48. Kxg3 Ke7 49. Kf4 Ke6 0-1

[Event "EU-ch rapid"]
[Site "Wroclaw"]
[Date "2014.12.20"]
[Round "1"]
[White "Zurek, Jacek"]
[Black "Mastrovasilis, Dimitrios"]
[Result "0-1"]
[WhiteElo "1849"]
[BlackElo "2608"]
[PlyCount "72"]
[EventDate "2014.12.20"]
[EventType "swiss (rapid)"]
[EventRounds "11"]
[EventCountry "POL"]
[SourceTitle "CBM 164 Extra"]
[Source "ChessBase"]
[SourceDate "2015.03.02"]
[SourceVersion "1"]
[SourceVersionDate "2015.03.02"]
[SourceQuality "1"]

1. c4 e5 2. Nc3 Nf6 3. g3 c6 4. d4 e4 5. d5 Bb4 6. Bg5 h6 7. Bxf6 Qxf6 8. Qc2 0-0 9. Bg2 Re8 10. e3 Bxc3+ 11. Qxc3 Qxc3+ 12. bxc3 Na6 13. Ne2 Nc5 14. Nd4 b6 15. dxc6 dxc6 16. Nxc6 Ba6 17. Bf1 Re6 18. Nb4 Rd8 19. Nd5 Red6 20. 0-0-0 Bb7 21. Be2 Bxd5 22. cxd5 Rxd5 23. Rd4 Ne6 24. Rxd5 Rxd5 25. f3 exf3 26. Bxf3 Rd3 27. Kc2 Rxe3 28. Rf1 Ng5 29. Bd1 Kf8 30. Kd2 Re5 31. Bb3 Ke7 32. h4 Ne4+ 33. Kd3 f6 34. Rf3 Kd6 35. Kd4 Nc5 36. Rf2 Re4# 0-1

[Event "Rewal op-B 18th"]
[Site "Rewal"]
[Date "2013.08.28"]
[Round "8"]
[White "Zurek, Jacek"]
[Black "Poswiatowski, Michal"]
[Result "0-1"]
[WhiteElo "1898"]
[BlackElo "2085"]
[PlyCount "72"]
[EventDate "2013.08.20"]
[EventType "swiss"]
[EventRounds "9"]
[EventCountry "POL"]
[SourceTitle "CBM 156 Extra"]
[Source "ChessBase"]
[SourceDate "2013.10.22"]
[SourceVersion "1"]
[SourceVersionDate "2013.10.22"]
[SourceQuality "1"]

1. c4 g6 2. Nc3 Bg7 3. g3 e6 4. Bg2 Ne7 5. e4 c5 6. d3 Nbc6 7. Nge2 Nd4 8. 0-0 0-0 9. Bf4 d6 10. Nxd4 cxd4 11. Nb5 e5 12. Bg5 h6 13. Bd2 a6 14. Na3 Bd7 15. b4 Qc8 16. Rc1 Bh3 17. c5 d5 18. exd5 Bxg2 19. Kxg2 Nxd5 20. Nc4 Kh7 21. Qf3 Qe6 22. Rce1 Rae8 23. Nd6 Re7 24. Re2 f5 25. Rfe1 g5 26. h3 Kg8 27. Kh2 e4 28. Qg2 Qf6 29. dxe4 d3 30. e5 Qe6 31. Re3 Nxe3 32. Rxe3 f4 33. Rxd3 Bxe5 34. gxf4 Bxf4+ 35. Bxf4 Rxf4 36. a3 Qe2 0-1

[Event "Rewal op-B 18th"]
[Site "Rewal"]
[Date "2013.08.26"]
[Round "6"]
[White "Zurek, Jacek"]
[Black "Stankiewicz, Pawel"]
[Result "1/2-1/2"]
[WhiteElo "1898"]
[BlackElo "2058"]
[PlyCount "90"]
[EventDate "2013.08.20"]
[EventType "swiss"]
[EventRounds "9"]
[EventCountry "POL"]
[SourceTitle "CBM 156 Extra"]
[Source "ChessBase"]
[SourceDate "2013.10.22"]
[SourceVersion "1"]
[SourceVersionDate "2013.10.22"]
[SourceQuality "1"]

1. c4 g6 2. Nc3 Bg7 3. g3 d6 4. Bg2 e5 5. e4 Ne7 6. Nge2 Nbc6 7. 0-0 0-0 8. d3 Be6 9. Nd5 f5 10. Rb1 a5 11. Bg5 fxe4 12. dxe4 Qd7 13. Be3 b6 14. Qd2 Rac8 15. b3 Nd8 16. a3 Nf7 17. b4 axb4 18. axb4 Rfd8 19. Ra1 Ra8 20. Qc3 h6 21. Rfd1 g5 22. Qc2 Ng6 23. c5 Rxa1 24. Rxa1 bxc5 25. bxc5 c6 26. Nb6 Qb7 27. Rb1 Qc7 28. cxd6 Qxd6 29. Rc1 Bf8 30. h3 Ne7 31. Bc5 Qc7 32. Bxe7 Bxe7 33. Nd5 Bxd5 34. exd5 c5 35. Nc3 Kg7 36. Na4 Rc8 37. Bf1 Qd6 38. Qf5 Rc7 39. Bd3 Bf6 40. Rb1 Bd8 41. Be4 Ra7 42. Nc3 Qf6 43. Qh7+ Kf8 44. Bf5 Qg7 45. Qxg7+ Kxg7 1/2-1/2

[Event "Rewal op-B 18th"]
[Site "Rewal"]
[Date "2013.08.20"]
[Round "1"]
[White "Kozaczynska, Aleksandra"]
[Black "Zurek, Jacek"]
[Result "1-0"]
[WhiteElo "1584"]
[BlackElo "1898"]
[PlyCount "107"]
[EventDate "2013.08.20"]
[EventType "swiss"]
[EventRounds "9"]
[EventCountry "POL"]
[SourceTitle "CBM 156 Extra"]
[Source "ChessBase"]
[SourceDate "2013.10.22"]
[SourceVersion "1"]
[SourceVersionDate "2013.10.22"]
[SourceQuality "1"]

1. e4 c6 2. d4 d5 3. Nc3 b5 4. a3 dxe4 5. Nxe4 Nf6 6. Nxf6+ exf6 7. d5 Bb7 8. Be3 Qxd5 9. Qxd5 cxd5 10. Bxb5+ Bc6 11. Bxc6+ Nxc6 12. Nf3 Bd6 13. 0-0-0 Ne7 14. Nd4 a6 15. Ne2 Be5 16. Bc5 Rd8 17. Nd4 Bd6 18. Bxd6 Rxd6 19. Rhe1 Kd7 20. Rxe7+ Kxe7 21. Nf5+ Kd7 22. Nxd6 Kxd6 23. c4 Kc5 24. Rxd5+ Kxc4 25. Rd7 g6 26. Rxf7 f5 27. Rb7 g5 28. Rg7 h6 29. Rg6 a5 30. Kc2 Re8 31. b3+ Kc5 32. Kd3 Rd8+ 33. Kc3 Rd1 34. Rxh6 Rc1+ 35. Kd2 Rb1 36. b4+ axb4 37. axb4+ Rxb4 38. Rh5 Rb2+ 39. Kd3 Rxf2 40. Rxg5 Kd5 41. Ke3 Rf1 42. h4 Ke6 43. g3 Kf6 44. Rg8 Kf7 45. Ra8 Kg6 46. Ra6+ Kh5 47. Ke2 Rb1 48. Kf3 Rf1+ 49. Kg2 Rb1 50. Rf6 Rb5 51. Kf3 Rb3+ 52. Kf4 Rb4+ 53. Kxf5 Rxh4 54. gxh4 1-0